| 000 | 01893 a2200205 4500 | ||
|---|---|---|---|
| 001 | 34293 | ||
| 005 | 20260407155631.0 | ||
| 008 | 260407a1980 arg spa d | ||
| 003 | AR-UNSa-BCEJYS | ||
| 040 |
_aAR-UNSa-BCEJYS _bspa _cAR-UNSa-BCEJYS |
||
| 080 |
_a657-051 _xProfesional en Ciencias Económicas (Contador...) |
||
| 245 | 1 | 0 |
_aManual para la gestión profesional y empresaria _padministrativa contable societaria-impositiva laboral |
| 264 | 1 |
_aBuenos Aires : _bCangallo _c1980 |
|
| 300 |
_a609 p. _c23 cm. |
||
| 505 | _aI. Societaria : 1. Sociedad colectiva - 2. Sociedad en comandita simple - 3. Sociedad de captal e industria - 4. Sociedad de responsabilidad limitada - 5. Sociedad anónima - 6. Sociedad en comandita por acciones - 7. Sociedad accidental o en participación - 8. Modelos de objetos sociales - II. Práctica profesional: 1. Procedimiento para la inscripción de las sociedades comerciales - 2. Actuaciones ante el juzgado nacional de primera instancia en lo comercial de registro - 3. Legislación profesional - III. Laboral: 1. Ley de contratos de trabajo - IV. Previsional: 1. Trabajadores en relación de dependencia - 2. Trabajadores autónomos - V. Contable y administrativa :1. Organización y administración - 2. Libros sociales - 3. Revalúo Contable - 4. Ajuste por inflación - 5. Valuación de acciones y llave de negocio - 6. Modelos de contabilización - 7. Presupuestos - 8. Balances consolidados - VI. Auditoria: 1. Dictamen sobre los estados contables - 2. Auditoría de empresas - 3. Auditoría de balances - VII. Impositiva: 1. Principales hechos imponibles - 2. Régimen de anticipos - 3. Régimen impositivo para las sociedades de capital - 4. Régimen de retenciones - Información útiles - Indice general. | ||
| 942 | _cBK | ||
| 590 | _aniveau_biblio:m niveau_hierar:0 | ||
| 100 | 1 | _aVacarezza, Juan Carlos | |
| 700 | 1 | _aVacarezza, Alejandro | |
| 999 |
_c2433 _d2433 |
||